| 000 | 00520nam a2200205Ia 4500 | ||
|---|---|---|---|
| 008 | 160803s9999 xx 000 0 und d | ||
| 020 | _a9780823423668 | ||
| 100 | _aRotner, Shelly | ||
| 245 | _aBody actions / | ||
| 245 | _cShelley Rotner and David A. White. | ||
| 260 | _aNew York : | ||
| 260 | _bScholastic Inc. | ||
| 260 | _c2012 | ||
| 300 | _a1 volume (unpaged) : | ||
| 300 | _bcolor illustrations ; | ||
| 300 | _c30 cm | ||
| 650 | _aHuman body -- | ||
| 650 | _xJuvenile literature. | ||
| 700 | _a800 | ||
| 999 |
_c299740 _d299740 |
||